000
00303 a2200109 4500
001
ART_30528
005
20260410162003.0
008
260409a
245
1
0
_a
Política inmigratoria
100
1
_a
Fraga, Rosendo
773
0
_t
Foro político
_g
- Vol. XXXVIII (ene./jun. 2004)
_w
REV30389
999
_c
31500
_d
31500